[Event "1st Asia-ch"]
[Site "Teheran IRI"]
[Date "1998.08.14"]
[Round "1.1"]
[White "Aliev, Kerim"]
[Black "Djao Thien Hai"]
[Result "1/2-1/2"]
[WhiteElo "2385"]
[BlackElo "2580"]
[EventDate "1998.08.14"]
[PlyCount "25"]

1.d4 d5 2.c4 e6 3.Nc3 Nf6 4.Bg5 c6 5.e3 Nbd7 6.cxd5 exd5 7.Bd3 Be7 8.Nge2 
O-O 9.O-O Re8 10.Qc2 Nf8 11.Rab1 Be6 12.Nf4 h6 13.Nxe6 1/2-1/2

[Event "1st Asia-ch"]
[Site "Teheran IRI"]
[Date "1998.08.14"]
[Round "1.3"]
[White "Al-Rakib, Abdullah"]
[Black "Barua, Dibyendu"]
[Result "0-1"]
[WhiteElo "2350"]
[BlackElo "2540"]
[EventDate "1998.08.14"]
[PlyCount "38"]

1.d4 d5 2.c4 c6 3.Nc3 e6 4.e4 dxe4 5.Nxe4 Bb4+ 6.Bd2 Qxd4 7.Bxb4 Qxe4+ 8.
Be2 Na6 9.Ba5 f6 10.Qd8+ Kf7 11.Nf3 b6 12.Bc3 Nc5 13.Nd2 Qg6 14.b4 Ne7 15.
Qxh8 Nd3+ 16.Kf1 Nf4 17.Qd8 Qxg2+ 18.Ke1 Qxh1+ 19.Bf1 e5 0-1

[Event "1st Asia-ch"]
[Site "Teheran IRI"]
[Date "1998.08.14"]
[Round "1.4"]
[White "Saltaev, Mikhail"]
[Black "Mansour, Samir"]
[Result "1-0"]
[WhiteElo "2525"]
[BlackElo "2280"]
[EventDate "1998.08.14"]
[PlyCount "41"]

1.e4 e5 2.Nf3 Nc6 3.Bb5 g6 4.d4 exd4 5.Nxd4 Bg7 6.Be3 Nge7 7.Nc3 O-O 8.Qd2
d5 9.Bxc6 bxc6 10.Bh6 f5 11.Bxg7 Kxg7 12.exd5 cxd5 13.O-O-O c6 14.Na4 Qd6 
15.Qc3 Kf7 16.Rhe1 Bd7 17.Nc5 Rab8 18.Nxd7 Qxd7 19.Ne6 d4 20.Rxd4 Nd5 21.
Rxd5 1-0

[Event "1st Asia-ch"]
[Site "Teheran IRI"]
[Date "1998.08.14"]
[Round "1.5"]
[White "Reilly, Tim"]
[Black "Al-Modiahki, Mohamad"]
[Result "0-1"]
[WhiteElo "2270"]
[BlackElo "2505"]
[EventDate "1998.08.14"]
[PlyCount "76"]

1.d4 Nf6 2.c4 g6 3.Nc3 Bg7 4.e4 d6 5.f3 O-O 6.Be3 Nc6 7.Nge2 a6 8.Qd2 Rb8 
9.h4 b5 10.h5 e5 11.d5 Na5 12.Ng3 bxc4 13.O-O-O Rb4 14.Be2 Bd7 15.Rh2 Qe7 
16.Bh6 Bxh6 17.Qxh6 Rfb8 18.Rd2 c6 19.Nf1 c5 20.g4 Qf8 21.Qg5 Ne8 22.Ne3 
h6 23.Qh4 g5 24.Qe1 Nc7 25.Rc2 Nb5 26.a3 Nxc3 27.Qxc3 Nb3+ 28.Kb1 Ra4 29.
Bxc4 Nd4 30.Rcf2 Nb5 31.Bxb5 axb5 32.b4 Rc8 33.Qd3 Qd8 34.Rc2 Qb6 35.Rhe2 
Qa7 36.Ra2 cxb4 37.axb4 Qd4 38.Red2 Rxb4+ 0-1

[Event "1st Asia-ch"]
[Site "Teheran IRI"]
[Date "1998.08.14"]
[Round "1.6"]
[White "Zagrebelny, Sergei"]
[Black "Ghane, Shojaat"]
[Result "1-0"]
[WhiteElo "2480"]
[BlackElo "2265"]
[EventDate "1998.08.14"]
[PlyCount "95"]

1.e4 e6 2.d4 d5 3.Nd2 Nf6 4.e5 Ng8 5.Bd3 b6 6.c3 Qd7 7.Ne2 Ba6 8.Bc2 c5 9.
Nf3 Nc6 10.O-O f5 11.exf6 gxf6 12.Re1 Bd6 13.Nf4 Bxf4 14.Bxf4 O-O-O 15.Qd2
Re8 16.Qe3 c4 17.Re2 Re7 18.Rae1 Kd8 19.Bg3 Bc8 20.Ba4 Qb7 21.Qf4 b5 22.
Bc2 Qd7 23.Bh4 Qc7 24.Ne5 Ke8 25.Bxf6 Rf7 26.Qg5 Nxf6 27.Nxf7 Qxf7 28.Qf4 
Rf8 29.Qd6 Nd8 30.a4 a6 31.axb5 axb5 32.Ra1 Qh5 33.f3 Qf7 34.Ra8 Bd7 35.
Bf5 Qe7 36.Rxd8+ Kxd8 37.Qb8+ Bc8 38.Rxe6 Nd7 39.Qa8 Nb6 40.Qb8 Nd7 41.
Qxb5 Rxf5 42.Rxe7 Kxe7 43.Qc6 Kd8 44.g4 Rxf3 45.Qxd5 Rf6 46.g5 Rg6 47.h4 
h6 48.Qf7 1-0

[Event "1st Asia-ch"]
[Site "Teheran IRI"]
[Date "1998.08.14"]
[Round "1.9"]
[White "Azahari, Mohd Nor"]
[Black "Ghorbani, Mohsen"]
[Result "0-1"]
[WhiteElo "2140"]
[BlackElo "2430"]
[EventDate "1998.08.14"]
[PlyCount "50"]

1.e4 c5 2.Nc3 Nc6 3.f4 g6 4.Nf3 Bg7 5.Bc4 e6 6.O-O Nge7 7.Qe1 a6 8.a4 Nd4 
9.Nxd4 cxd4 10.Nd1 d5 11.exd5 exd5 12.Bd3 O-O 13.b3 Nf5 14.Bxf5 Bxf5 15.d3
Rc8 16.Qd2 Qc7 17.Rf2 Rfe8 18.Ra2 h5 19.h3 Qe7 20.a5 Rc6 21.Ba3 Qh4 22.Ra1
Rce6 23.Nb2 Qg3 24.Raf1 Bxh3 25.Rf3 Qg4 0-1

[Event "1st Asia-ch"]
[Site "Teheran IRI"]
[Date "1998.08.14"]
[Round "1.10"]
[White "Bagheri, Amir"]
[Black "Ismail, Ahmad"]
[Result "1-0"]
[WhiteElo "2405"]
[BlackElo "2040"]
[EventDate "1998.08.14"]
[PlyCount "61"]

1.e4 d5 2.exd5 Qxd5 3.Nc3 Qa5 4.d4 Nf6 5.Nf3 Bg4 6.h3 Bh5 7.g4 Bg6 8.Ne5 
Nbd7 9.Nc4 Qa6 10.Bf4 Qe6+ 11.Ne3 c6 12.Bc4 Nd5 13.Nxd5 cxd5 14.Bxd5 Qb6 
15.O-O e6 16.Bg2 Be7 17.c3 h5 18.Qb3 hxg4 19.Bxb7 Rd8 20.hxg4 Bd3 21.Qxb6 
Nxb6 22.Rfd1 Be2 23.Bc7 Nd5 24.Nxd5 exd5 25.Kg2 Bxg4 26.Bxd8 Bh3+ 27.Kg3 
Kxd8 28.Rh1 Bd6+ 29.f4 g5 30.Rxh3 gxf4+ 31.Kg2 1-0

[Event "1st Asia-ch"]
[Site "Teheran IRI"]
[Date "1998.08.14"]
[Round "1.11"]
[White "De Silva, Nirosh"]
[Black "Saravanan, Venkat"]
[Result "1/2-1/2"]
[WhiteElo "2025"]
[BlackElo "2390"]
[EventDate "1998.08.14"]
[PlyCount "99"]

1.e4 c5 2.Nf3 d6 3.d4 cxd4 4.Nxd4 Nf6 5.Nc3 a6 6.Bc4 e6 7.Bb3 b5 8.O-O b4 
9.Na4 Bb7 10.Re1 Nc6 11.c3 Rb8 12.f3 Be7 13.Nxc6 Bxc6 14.cxb4 Rxb4 15.Qc2 
Qd7 16.Bd2 Rb8 17.Rac1 Bb5 18.Be3 Qb7 19.Qc7 O-O 20.Ba7 Bd8 21.Qxb7 Rxb7 
22.Bd4 Bxa4 23.Bxa4 Rb4 24.Bxf6 Bxf6 25.b3 a5 26.Red1 Rb6 27.Rc7 Rd8 28.
Rdc1 d5 29.Rc8 Rd6 30.Kf1 g6 31.Rxd8+ Rxd8 32.Rc5 dxe4 33.Rxa5 Rd2 34.Bb5 
e3 35.Be2 Rb2 36.g3 Rb1+ 37.Kg2 Re1 38.Bc4 g5 39.f4 g4 40.h3 e2 41.Kf2 Ra1
42.Bxe2 gxh3 43.Rh5 Bd4+ 44.Kf3 Rxa2 45.Rxh3 Kg7 46.g4 h6 47.Rg3 Rb2 48.
Bc4 Rf2+ 49.Ke4 Bb6 50.f5 1/2-1/2

[Event "1st Asia-ch"]
[Site "Teheran IRI"]
[Date "1998.08.15"]
[Round "2"]
[White "Al-Modiahki, Mohamad"]
[Black "Bagheri, Amir"]
[Result "1-0"]
[WhiteElo "2505"]
[BlackElo "2405"]
[EventDate "1998.08.14"]
[PlyCount "75"]

1.e4 c6 2.c4 d5 3.exd5 cxd5 4.cxd5 Nf6 5.Nc3 Nxd5 6.Nf3 e6 7.d4 Bb4 8.Bd2 
Nc6 9.Bd3 Be7 10.O-O O-O 11.Rc1 Ndb4 12.Be4 Nxd4 13.Nxd4 Qxd4 14.Be3 Qf6 
15.Qa4 Na6 16.Nb5 Qxb2 17.Nxa7 Qb4 18.Qc2 Nc5 19.Bxh7+ Kh8 20.Rb1 Qa3 21.
Rb5 b6 22.Nc6 Ba6 23.Qd1 g6 24.Nxe7 Kxh7 25.Qd4 Qa4 26.Rb4 Qxb4 27.Qxb4 f6
28.Qh4+ Kg7 29.Bh6+ Kf7 30.Bxf8 Rxf8 31.Qh7+ Ke8 32.Nc6 Rf7 33.Qg8+ Rf8 
34.Qxg6+ Kd7 35.Qg7+ Kxc6 36.Qxf8 Bxf1 37.Kxf1 f5 38.h4 1-0

[Event "1st Asia-ch"]
[Site "Teheran IRI"]
[Date "1998.08.15"]
[Round "2"]
[White "Barua, Dibyendu"]
[Black "Zagrebelny, Sergei"]
[Result "1/2-1/2"]
[WhiteElo "2540"]
[BlackElo "2480"]
[EventDate "1998.08.14"]
[PlyCount "50"]

1.e4 c5 2.Nf3 d6 3.d4 cxd4 4.Nxd4 Nf6 5.Nc3 a6 6.Be2 e5 7.Nb3 Be7 8.O-O 
O-O 9.Kh1 b6 10.f3 Bb7 11.Be3 b5 12.a4 b4 13.Nd5 Nxd5 14.exd5 Nd7 15.a5 
Qc7 16.c4 bxc3 17.Rc1 Nf6 18.Rxc3 Qd7 19.Bc4 Rfc8 20.Qd3 Bd8 21.Rd1 h6 22.
Rc2 Rab8 23.Ba7 Ra8 24.Be3 Rab8 25.Ba7 Ra8 1/2-1/2

[Event "1st Asia-ch"]
[Site "Teheran IRI"]
[Date "1998.08.15"]
[Round "2"]
[White "Djao Thien Hai"]
[Black "De Silva, Nirosh"]
[Result "1-0"]
[WhiteElo "2580"]
[BlackElo "2025"]
[EventDate "1998.08.14"]
[PlyCount "54"]

1.d4 Nf6 2.c4 e6 3.Nc3 Bb4 4.Qc2 d5 5.e3 O-O 6.Bd3 c5 7.a3 Bxc3+ 8.bxc3 
Nc6 9.Nf3 Qc7 10.O-O dxc4 11.Bxc4 Na5 12.Bd3 c4 13.Be2 b5 14.a4 a6 15.Ba3 
Re8 16.Ne5 Bb7 17.Rae1 Nd7 18.f4 f6 19.Bh5 fxe5 20.Bxe8 Rxe8 21.fxe5 Nb6 
22.Rf2 Nxa4 23.Ref1 Qc8 24.Rf7 Nb6 25.Qf2 h6 26.Rxg7+ Kxg7 27.Qf7+ Kh8 1-0

[Event "1st Asia-ch"]
[Site "Teheran IRI"]
[Date "1998.08.15"]
[Round "2"]
[White "Ghane, Shojaat"]
[Black "Al-Rakib, Abdullah"]
[Result "1-0"]
[WhiteElo "2265"]
[BlackElo "2350"]
[EventDate "1998.08.14"]
[PlyCount "49"]

1.d4 d5 2.Bf4 e6 3.e3 Bd6 4.Nf3 Nf6 5.Nbd2 Bxf4 6.exf4 c5 7.dxc5 Qc7 8.Ne5
Nbd7 9.Ndf3 Nxc5 10.Bd3 O-O 11.O-O Bd7 12.Re1 Rac8 13.Re2 Qb6 14.c3 Ba4 
15.Bc2 Bxc2 16.Qxc2 Nce4 17.Nd4 Rc7 18.Rae1 g6 19.Qd3 a6 20.Qh3 Kg7 21.
Nef3 h6 22.Ne5 h5 23.Qe3 Qc5 24.Kh1 Re7 25.f3 1-0

[Event "1st Asia-ch"]
[Site "Teheran IRI"]
[Date "1998.08.15"]
[Round "2"]
[White "Kakageldiev, Amanmurad"]
[Black "Kasimdzhanov, Rustam"]
[Result "0-1"]
[WhiteElo "2475"]
[BlackElo "2570"]
[EventDate "1998.08.14"]
[PlyCount "76"]

1.d4 Nf6 2.c4 g6 3.Nc3 Bg7 4.e4 d6 5.Bd3 O-O 6.Nge2 Nc6 7.f3 e5 8.d5 Nd4 
9.Be3 Nh5 10.Qd2 c5 11.dxc6 bxc6 12.O-O f5 13.exf5 gxf5 14.Bg5 Bf6 15.Bxf6
Qxf6 16.Rad1 c5 17.Nd5 Qg7 18.Nxd4 cxd4 19.Qb4 Be6 20.Qxd6 Bxd5 21.Qxd5+ 
Kh8 22.Qa5 Rg8 23.Qd2 Qf6 24.Kh1 Rg7 25.Bxf5 Qxf5 26.g4 Qf7 27.gxh5 Qxh5 
28.Qe2 Rf8 29.Rde1 Rf4 30.Rg1 d3 31.Qf2 d2 32.Rd1 Rxg1+ 33.Kxg1 Rxf3 34.
Qxd2 Rf8 35.Qd5 Qe2 36.b4 h5 37.c5 h4 38.c6 h3 0-1

[Event "1st Asia-ch"]
[Site "Teheran IRI"]
[Date "1998.08.15"]
[Round "2"]
[White "Khamdamov, Sukhrob"]
[Black "Aliev, Kerim"]
[Result "0-1"]
[WhiteElo "2140"]
[BlackElo "2385"]
[EventDate "1998.08.14"]
[PlyCount "58"]

1.d4 d5 2.c4 c6 3.Nf3 Nf6 4.Nc3 dxc4 5.g3 e6 6.Bg2 Nbd7 7.O-O Be7 8.e4 O-O
9.a4 b6 10.Qe2 a5 11.Bf4 Ba6 12.Rfe1 Re8 13.Rad1 Qc8 14.Nd2 Bf8 15.Nxc4 b5
16.axb5 cxb5 17.e5 b4 18.b3 bxc3 19.exf6 Nxf6 20.Qd3 Nd5 21.Re5 a4 22.Rxd5
exd5 23.Bxd5 axb3 24.Qxc3 Bxc4 25.Bxa8 Be2 26.Qxc8 Rxc8 27.Re1 Rxa8 28.
Rxe2 Ra2 29.Re8 b2 0-1

[Event "1st Asia-ch"]
[Site "Teheran IRI"]
[Date "1998.08.15"]
[Round "2"]
[White "Mallahi, Amir"]
[Black "Reilly, Tim"]
[Result "1-0"]
[WhiteElo "2370"]
[BlackElo "2270"]
[EventDate "1998.08.14"]
[PlyCount "55"]

1.e4 d6 2.d4 Nf6 3.Nc3 g6 4.Be3 Bg7 5.Qd2 c6 6.f3 b5 7.g4 h5 8.g5 Nfd7 9.
f4 Nb6 10.Nf3 d5 11.Ne5 b4 12.Ne2 dxe4 13.Ng3 Nd5 14.Nxe4 Nxe3 15.Qxe3 Be6
16.Nc5 Bd5 17.Rg1 Qc7 18.a3 bxa3 19.Rxa3 Bxe5 20.Qxe5 Qxe5+ 21.fxe5 Nd7 
22.c4 Be6 23.Bg2 Rc8 24.Nxe6 fxe6 25.Rxa7 c5 26.Bb7 Rd8 27.Bc6 cxd4 28.Rf1
1-0

[Event "1st Asia-ch"]
[Site "Teheran IRI"]
[Date "1998.08.15"]
[Round "2"]
[White "Mansour, Samir"]
[Black "Azahari, Mohd Nor"]
[Result "0-1"]
[WhiteElo "2280"]
[BlackElo "2140"]
[EventDate "1998.08.14"]
[PlyCount "118"]

1.Nf3 Nc6 2.d4 d5 3.c4 Bg4 4.Nc3 e6 5.Bf4 Bb4 6.e3 Nf6 7.Rc1 O-O 8.Bd3 Re8
9.cxd5 Nxd5 10.Bg3 e5 11.dxe5 Nxe5 12.Bxe5 Rxe5 13.Be2 Re8 14.O-O Nxc3 15.
bxc3 Bd6 16.Qd4 Bh5 17.Rfd1 Qc8 18.Qh4 Bg6 19.Bd3 Qe6 20.Bxg6 Qxg6 21.Rd4 
f5 22.Qh3 Qf6 23.g3 Re6 24.Rd5 g6 25.Qf1 Re4 26.Qb5 Rb8 27.Qb3 Kg7 28.Rcd1
b6 29.Nd2 Re5 30.Rd3 b5 31.Nf3 Rc5 32.Nd4 Kh6 33.Qa3 Ra8 34.Qa6 Qe5 35.Ne2
Qe4 36.Nd4 Rb8 37.f3 Qe8 38.Qa3 Re5 39.Qc1 Kg7 40.Kf2 b4 41.c4 Qa4 42.f4 
Re4 43.c5 Bf8 44.Qb2 Kg8 45.Nb3 Bg7 46.Qd2 Rbe8 47.Rd8 Kh8 48.Rxe8+ Qxe8 
49.Qe2 h6 50.Rd5 Kh7 51.Qd2 Rc4 52.Qe2 Qe4 53.Rd1 Rc2 54.Rd2 Rxd2 55.Qxd2 
Qh1 56.Qxb4 Qxh2+ 57.Kf3 Qxa2 58.Qb7 Qb1 59.c6 Qf1# 0-1

[Event "1st Asia-ch"]
[Site "Teheran IRI"]
[Date "1998.08.15"]
[Round "2"]
[White "Saravanan, Venkat"]
[Black "Thipsay, Praveen Mahadeo"]
[Result "1-0"]
[WhiteElo "2390"]
[BlackElo "2450"]
[EventDate "1998.08.14"]
[PlyCount "77"]

1.e4 c5 2.Nc3 Nc6 3.g3 g6 4.Bg2 Bg7 5.d3 e5 6.Nh3 Nge7 7.O-O O-O 8.f4 d6 
9.g4 exf4 10.Nxf4 Nd4 11.h3 Ne6 12.Nce2 Rb8 13.a4 Nxf4 14.Nxf4 Bd7 15.c3 
Bc6 16.Be3 a6 17.d4 cxd4 18.Bxd4 Be5 19.a5 Bb5 20.Rf2 Nc6 21.Bxe5 Nxe5 22.
b3 Bc6 23.Rd2 Qg5 24.Rf2 Rbd8 25.Raa2 Nd7 26.c4 Nc5 27.Rae2 Rfe8 28.Nd5 
Bxd5 29.exd5 Rxe2 30.Rxe2 Qf4 31.b4 Nd7 32.Qf1 Qd4+ 33.Kh1 Ne5 34.Re4 Qc3 
35.Qf6 Qc1+ 36.Kh2 Re8 37.c5 Qb2 38.g5 h6 39.cxd6 1-0

[Event "1st Asia-ch"]
[Site "Teheran IRI"]
[Date "1998.08.16"]
[Round "3"]
[White "Bagheri, Amir"]
[Black "Khamdamov, Sukhrob"]
[Result "0-1"]
[WhiteElo "2405"]
[BlackElo "2140"]
[EventDate "1998.08.14"]
[PlyCount "65"]

1.d4 g6 2.Nf3 Bg7 3.c3 Nf6 4.Bg5 Ne4 5.Bh4 d5 6.Nbd2 c5 7.e3 f5 8.Bd3 Nc6 
9.O-O Qb6 10.Qc1 O-O 11.c4 e6 12.Nb3 cxd4 13.exd4 a5 14.Rd1 a4 15.cxd5 
exd5 16.Nc5 Nxc5 17.dxc5 Qxb2 18.Qf4 Ne5 19.Nxe5 Qxe5 20.Qf3 Bd7 21.Re1 
Qd4 22.Rad1 Bc6 23.Be7 Rf7 24.Bd6 Qg4 25.Be2 Qg5 26.Bf1 d4 27.Qh3 Bd5 28.
a3 h5 29.Rd3 Qg4 30.Qxg4 fxg4 31.Rdd1 Rd8 32.Bb5 Bb3 33.Rd3 0-1

[Event "1st Asia-ch"]
[Site "Teheran IRI"]
[Date "1998.08.16"]
[Round "3"]
[White "De Silva, Nirosh"]
[Black "Al-Rakib, Abdullah"]
[Result "0-1"]
[WhiteElo "2025"]
[BlackElo "2350"]
[EventDate "1998.08.14"]
[PlyCount "66"]

1.e4 c6 2.d4 d5 3.Nc3 dxe4 4.Nxe4 Nd7 5.Bc4 Ndf6 6.Ng5 e6 7.N1f3 Bd6 8.Qe2
h6 9.Ne4 Nxe4 10.Qxe4 Nf6 11.Qe2 b5 12.Bd3 Bb7 13.O-O O-O 14.Rd1 Qc7 15.b3
c5 16.Bxb5 cxd4 17.h3 e5 18.Bb2 Nd5 19.g3 Nf6 20.Nh4 a6 21.Ba4 Be4 22.f4 
exf4 23.Bxd4 Bc5 24.Qc4 Bxd4+ 25.Rxd4 Qa7 26.Rd1 Rac8 27.Qf1 fxg3 28.Qf4 
Bxc2 29.Rd2 Ne4 30.Bd7 Rc7 31.Nf5 Nxd2 32.Ne7+ Kh8 33.Qd6 Qxd4+ 0-1

[Event "1st Asia-ch"]
[Site "Teheran IRI"]
[Date "1998.08.16"]
[Round "3"]
[White "Ismail, Ahmad"]
[Black "Mallahi, Amir"]
[Result "1/2-1/2"]
[WhiteElo "2040"]
[BlackElo "2370"]
[EventDate "1998.08.14"]
[PlyCount "209"]

1.d4 d5 2.Nc3 Nf6 3.Bg5 Nbd7 4.f3 c5 5.e4 cxd4 6.Bxf6 dxc3 7.Bxc3 dxe4 8.
fxe4 e5 9.Nf3 Bc5 10.Qd5 O-O 11.O-O-O Qe7 12.Bb5 Nf6 13.Qxe5 Qxe5 14.Bxe5 
Nxe4 15.Rhe1 Nf6 16.Bxf6 gxf6 17.Bd7 Rd8 18.Bxc8 Raxc8 19.c3 Kg7 20.Kc2 b5
21.Rxd8 Rxd8 22.Re4 Rd5 23.a4 f5 24.Re5 Rxe5 25.Nxe5 bxa4 26.Nd7 Bd6 27.c4
f6 28.Kd3 Kf7 29.Kd4 Bxh2 30.Kd5 Be5 31.Nxe5+ fxe5 32.Kxe5 Ke7 33.Kxf5 Kd6
34.Ke4 Kc5 35.Kd3 Kb4 36.g4 h6 37.Kd4 Kb3 38.c5 Kxb2 39.c6 a3 40.c7 a2 41.
c8=Q a1=Q 42.Qf5 a5 43.Kd3 Qd1+ 44.Ke4 Qc2+ 45.Kf4 a4 46.Qe5+ Kb1 47.Qb5+ 
Qb3 48.Qf1+ Ka2 49.Qe2+ Ka3 50.Qa6 Qc3 51.Kf5 Qd2 52.Kg6 Qf4 53.Qd3+ Kb4 
54.Qb1+ Kc3 55.Qa1+ Kd3 56.Qa3+ Ke2 57.Kh7 Kf2 58.Qh3 Kg1 59.Kg6 Qd6+ 60.
Kh7 a3 61.Qe3+ Kg2 62.g5 hxg5 63.Qxg5+ Kf2 64.Qf5+ Ke3 65.Qg5+ Kd3 66.Qb5+
Kd4 67.Qa4+ Ke5 68.Qb5+ Kf6 69.Qf1+ Ke7 70.Qe1+ Kd8 71.Qa1 Qe7+ 72.Kh8 
Qf8+ 73.Kh7 Qf7+ 74.Kh8 Qe8+ 75.Kg7 Qe7+ 76.Kh8 Qh4+ 77.Kg7 Qg3+ 78.Kh8 
Ke7 79.Qb1 Qh2+ 80.Kg8 Qg2+ 81.Kh7 a2 82.Qb4+ Ke6 83.Qb6+ Kf5 84.Qc5+ Kf4 
85.Qd6+ Kf5 86.Qf8+ Kg4 87.Qg7+ Kh3 88.Qh6+ Kg3 89.Qd6+ Kf2 90.Qd4+ Ke2 
91.Qb2+ Kf3 92.Qf6+ Kg3 93.Qe5+ Kh4 94.Qf6+ Kg4 95.Qe6+ Kf4 96.Qf6+ Ke3 
97.Qc3+ Kf2 98.Qd4+ Ke2 99.Qb2+ Kf3 100.Qc3+ Kf2 101.Qd4+ Kg3 102.Qe5+ Kh4
103.Qf6+ Kh3 104.Qh6+ Kg3 105.Qd6+ 1/2-1/2

[Event "1st Asia-ch"]
[Site "Teheran IRI"]
[Date "1998.08.16"]
[Round "3"]
[White "Kasimdzhanov, Rustam"]
[Black "Al-Modiahki, Mohamad"]
[Result "1-0"]
[WhiteElo "2570"]
[BlackElo "2505"]
[EventDate "1998.08.14"]
[PlyCount "49"]

1.e4 c5 2.Nf3 e6 3.c4 Nc6 4.Nc3 e5 5.d3 d6 6.Be2 g6 7.O-O Bg7 8.a3 a5 9.
Nd5 Nge7 10.Bg5 h6 11.Bxe7 Nxe7 12.Nxe7 Qxe7 13.b4 d5 14.cxd5 cxb4 15.axb4
Qxb4 16.Qc2 O-O 17.Rfb1 Qd6 18.Nd2 Ra7 19.Rb5 Bd7 20.Rbxa5 Rxa5 21.Rxa5 
Rc8 22.Qb2 b5 23.Ra7 Bf6 24.h3 Kg7 25.Rxd7 1-0

[Event "1st Asia-ch"]
[Site "Teheran IRI"]
[Date "1998.08.16"]
[Round "3"]
[White "Saltaev, Mikhail"]
[Black "Ghane, Shojaat"]
[Result "1-0"]
[WhiteElo "2525"]
[BlackElo "2265"]
[EventDate "1998.08.14"]
[PlyCount "91"]

1.e4 e6 2.d4 d5 3.Nd2 Nf6 4.e5 Nfd7 5.c3 c5 6.Bd3 Nc6 7.Ngf3 Be7 8.O-O g5 
9.dxc5 g4 10.Nd4 Ndxe5 11.Bb5 Bd7 12.N2b3 Nxd4 13.Bxd7+ Qxd7 14.cxd4 Nc6 
15.Qxg4 Bf6 16.Qf3 Qe7 17.Bf4 Bxd4 18.Bd6 Qg5 19.Nxd4 Nxd4 20.Qd3 Rg8 21.
g3 Qf6 22.Rad1 Nc6 23.b4 Rg4 24.b5 Ne5 25.Bxe5 Qxe5 26.Qxh7 Rc8 27.Rfe1 
Qg5 28.Qh8+ Kd7 29.Qc3 Qh5 30.c6+ bxc6 31.Qc5 Rh8 32.bxc6+ Kc8 33.Qxa7 
Qxh2+ 34.Kf1 Qh1+ 35.Ke2 Qe4+ 36.Qe3 Qc4+ 37.Kf3 Re4 38.Qb6 Qc3+ 39.Kg2 
Rb4 40.Qa6+ Kd8 41.Rc1 Qd4 42.c7+ Ke7 43.c8=Q Rh2+ 44.Kxh2 Qxf2+ 45.Kh3 
Qf5+ 46.Kg2 1-0

[Event "1st Asia-ch"]
[Site "Teheran IRI"]
[Date "1998.08.16"]
[Round "3"]
[White "Thipsay, Praveen Mahadeo"]
[Black "Mansour, Samir"]
[Result "1-0"]
[WhiteElo "2450"]
[BlackElo "2280"]
[EventDate "1998.08.14"]
[PlyCount "79"]

1.e4 e5 2.Nf3 Nc6 3.Bb5 a6 4.Ba4 Nf6 5.d4 b5 6.dxe5 Nxe4 7.Bb3 Nc5 8.Bd5 
Be7 9.O-O O-O 10.Nc3 Rb8 11.a3 b4 12.Ne4 Nxe4 13.Bxe4 bxa3 14.b3 Na7 15.
Qd3 h6 16.Bxa3 Bxa3 17.Rxa3 Qe7 18.Raa1 Nc6 19.Bxc6 dxc6 20.Nd4 Rb6 21.
Rfe1 c5 22.Nf5 Qg5 23.Ng3 Be6 24.Qc3 Qe7 25.Ne4 c4 26.bxc4 Rc6 27.Ra4 Rd8 
28.h3 Qd7 29.c5 Bf5 30.Ng3 Bg6 31.f4 h5 32.Rc4 h4 33.Nf1 Bf5 34.Ne3 Be6 
35.Rb4 Qd2 36.Qxd2 Rxd2 37.f5 Bd5 38.Rb8+ Kh7 39.Rd8 Rxc5 40.c4 1-0

[Event "1st Asia-ch"]
[Site "Teheran IRI"]
[Date "1998.08.16"]
[Round "3"]
[White "Zagrebelny, Sergei"]
[Black "Saravanan, Venkat"]
[Result "1/2-1/2"]
[WhiteElo "2480"]
[BlackElo "2390"]
[EventDate "1998.08.14"]
[PlyCount "80"]

1.e4 c5 2.Nf3 d6 3.d4 cxd4 4.Nxd4 Nf6 5.Nc3 a6 6.Be2 g6 7.O-O Bg7 8.Re1 
O-O 9.Bf1 b6 10.Bg5 Bb7 11.Qd2 Re8 12.f4 Nbd7 13.Rad1 Qc7 14.Nb3 Rac8 15.
Kh1 b5 16.Bd3 Nb6 17.Qe2 b4 18.Nb1 Na4 19.e5 dxe5 20.fxe5 Nd5 21.Bxa6 Nxb2
22.Bxb7 Qxb7 23.Rd4 Ra8 24.Qf3 e6 25.c4 bxc3 26.Nxc3 Qc8 27.Nxd5 exd5 28.
Rxd5 Rxa2 29.Rf1 Qf5 30.Qxf5 gxf5 31.Bf6 Nc4 32.Rfd1 Bxf6 33.exf6 Rae2 34.
Rxf5 Re1+ 35.Rf1 Rxd1 36.Rxd1 Ne3 37.Rd4 Nd5 38.h3 Nxf6 39.Nc5 Re5 40.Nd3 
Rd5 1/2-1/2

[Event "1st Asia-ch"]
[Site "Teheran IRI"]
[Date "1998.08.18"]
[Round "4"]
[White "Al-Modiahki, Mohamad"]
[Black "Djao Thien Hai"]
[Result "0-1"]
[WhiteElo "2505"]
[BlackElo "2580"]
[EventDate "1998.08.14"]
[PlyCount "106"]

1.e4 c5 2.Nf3 e6 3.d4 cxd4 4.Nxd4 a6 5.Bd3 Bc5 6.Nb3 Ba7 7.O-O Nc6 8.Qg4 
Nf6 9.Qg3 d6 10.a4 O-O 11.Nc3 Ne8 12.Bg5 Qc7 13.Rad1 Bd7 14.Kh1 Rb8 15.f4 
f6 16.Bh4 Nb4 17.e5 Bc6 18.Rde1 Qf7 19.Na5 f5 20.Nxc6 bxc6 21.exd6 Nxd6 
22.Rd1 Nd5 23.Nxd5 cxd5 24.b3 Ne4 25.Qe1 Qc7 26.Rf3 h6 27.c4 Rfe8 28.Rc1 
Qd6 29.Qa5 Nc5 30.Bc2 Ne4 31.Bd3 Qa3 32.Rb1 Bb6 33.Qe1 Bd4 34.Bc2 Qc5 35.
Bd3 a5 36.Rc1 Qa7 37.h3 Kh7 38.Qd1 Be3 39.Rc2 Rxb3 40.cxd5 Nc3 41.Qe1 Rb1 
42.Rxc3 Rxe1+ 43.Bxe1 exd5 44.Bxf5+ g6 45.Bd3 Bd4 46.Rc1 Re3 47.Rxe3 Bxe3 
48.Rc6 Kg8 49.Bc3 Bd4 50.Be1 Qe7 51.Bd2 Qa3 52.Bxg6 Qg3 53.Bxa5 Qe3 0-1

[Event "1st Asia-ch"]
[Site "Teheran IRI"]
[Date "1998.08.18"]
[Round "4"]
[White "Al-Rakib, Abdullah"]
[Black "Thipsay, Praveen Mahadeo"]
[Result "0-1"]
[WhiteElo "2350"]
[BlackElo "2450"]
[EventDate "1998.08.14"]
[PlyCount "38"]

1.d4 Nf6 2.Nf3 g6 3.Nc3 Bg7 4.e4 d6 5.Be2 c6 6.O-O Qc7 7.e5 dxe5 8.Nxe5 
Be6 9.Bf4 Qa5 10.Qd2 O-O 11.a4 Nbd7 12.b4 Qxb4 13.Rab1 Qa5 14.Rxb7 Nxe5 
15.Bxe5 Nd5 16.Bxg7 Kxg7 17.Ne4 Qxd2 18.Nxd2 a5 19.Nb3 Bc8 0-1

[Event "1st Asia-ch"]
[Site "Teheran IRI"]
[Date "1998.08.18"]
[Round "4"]
[White "De Silva, Nirosh"]
[Black "Azahari, Mohd Nor"]
[Result "1/2-1/2"]
[WhiteElo "2025"]
[BlackElo "2140"]
[EventDate "1998.08.14"]
[PlyCount "84"]

1.e4 Nc6 2.Nf3 d5 3.exd5 Qxd5 4.Nc3 Qd8 5.Bb5 Bd7 6.O-O e6 7.d4 a6 8.Ba4 
Nf6 9.d5 exd5 10.Nxd5 Be6 11.Nxf6+ Qxf6 12.Bxc6+ bxc6 13.Qd4 Be7 14.Bf4 
Qxd4 15.Nxd4 Kd7 16.Nxe6 fxe6 17.c4 Bd6 18.Be3 c5 19.Rfd1 Kc6 20.Rd3 Be5 
21.Rb1 Rad8 22.Rxd8 Rxd8 23.Kf1 a5 24.b3 Bd4 25.Ke2 e5 26.f3 a4 27.Bg5 Ra8
28.Kd3 axb3 29.axb3 h6 30.Bd2 Ra2 31.g4 Kd6 32.h4 Ke6 33.h5 Ra8 34.f4 Rd8 
35.Ke4 c6 36.g5 exf4 37.gxh6 gxh6 38.Bxf4 Rf8 39.b4 Rf5 40.b5 cxb5 41.cxb5
Be5 42.Bxh6 Rxh5 1/2-1/2

[Event "1st Asia-ch"]
[Site "Teheran IRI"]
[Date "1998.08.18"]
[Round "4"]
[White "Ghane, Shojaat"]
[Black "Bagheri, Amir"]
[Result "0-1"]
[WhiteElo "2265"]
[BlackElo "2405"]
[EventDate "1998.08.14"]
[PlyCount "72"]

1.d4 Nf6 2.c4 e6 3.Nf3 b6 4.Nc3 Bb4 5.Bg5 h6 6.Bh4 Bb7 7.e3 g5 8.Bg3 Ne4 
9.Qc2 d6 10.Bd3 Bxc3+ 11.bxc3 f5 12.d5 Nd7 13.Nd4 Ndc5 14.dxe6 Qf6 15.f3 
f4 16.exf4 Nxd3+ 17.Qxd3 Nc5 18.Qe2 gxf4 19.Bf2 O-O-O 20.O-O Rde8 21.Rae1 
Rhg8 22.Kh1 Re7 23.Qc2 Rge8 24.Re2 Ba6 25.Nf5 Rxe6 26.Bh4 Rxe2 27.Qxe2 
Rxe2 28.Bxf6 Bxc4 29.Nxh6 a5 30.h4 Kd7 31.Nf5 Bf7 32.Nd4 Re3 33.Nc2 Re6 
34.Bg5 Nd3 35.Nd4 Re5 36.Kh2 c5 0-1

[Event "1st Asia-ch"]
[Site "Teheran IRI"]
[Date "1998.08.18"]
[Round "4"]
[White "Khamdamov, Sukhrob"]
[Black "Kakageldiev, Amanmurad"]
[Result "1/2-1/2"]
[WhiteElo "2140"]
[BlackElo "2475"]
[EventDate "1998.08.14"]
[PlyCount "101"]

1.d4 g6 2.c4 Bg7 3.Nf3 d6 4.g3 Nf6 5.Bg2 O-O 6.O-O Nc6 7.b3 e5 8.dxe5 Ng4 
9.Bb2 Ngxe5 10.Nxe5 Nxe5 11.Nc3 a5 12.Qd2 a4 13.Rad1 axb3 14.axb3 Nc6 15.
Na4 Be6 16.Bxg7 Kxg7 17.Nc3 f5 18.Nd5 Bxd5 19.Bxd5 Qf6 20.b4 Rae8 21.b5 
Nd8 22.e3 Re7 23.Ra1 b6 24.Ra8 Ne6 25.Rfa1 Nc5 26.R1a3 Ne4 27.Rxf8 Qxf8 
28.Qd4+ Qf6 29.Qxf6+ Kxf6 30.h4 h6 31.Ra8 Kg7 32.Rc8 Nf6 33.Bc6 g5 34.hxg5
hxg5 35.Kf1 Kg6 36.Kg2 Kg7 37.Bf3 Kg6 38.Be2 Rd7 39.Bd3 d5 40.g4 Nxg4 41.
Rg8+ Kf6 42.Rf8+ Rf7 43.Rxf7+ Kxf7 44.Bxf5 Nf6 45.Bd3 Ke6 46.Kg3 dxc4 47.
Bxc4+ Kd6 48.Bf1 c6 49.bxc6 Kxc6 50.Bc4 Kd6 51.Kf3 1/2-1/2

[Event "1st Asia-ch"]
[Site "Teheran IRI"]
[Date "1998.08.18"]
[Round "4"]
[White "Mallahi, Amir"]
[Black "Aliev, Kerim"]
[Result "0-1"]
[WhiteElo "2370"]
[BlackElo "2385"]
[EventDate "1998.08.14"]
[PlyCount "70"]

1.e4 e5 2.Nc3 Nf6 3.f4 d5 4.fxe5 Nxe4 5.Nf3 Be7 6.Qe2 Ng5 7.d4 Nxf3+ 8.
Qxf3 Be6 9.Be3 Qd7 10.Bb5 Nc6 11.O-O a6 12.Ba4 O-O 13.Qg3 Kh8 14.Ne2 Nxd4 
15.Nxd4 Qxa4 16.Rf4 Qd7 17.Raf1 f6 18.Nf3 f5 19.h4 c5 20.c3 g6 21.h5 Rg8 
22.hxg6 Rxg6 23.Qh3 Rag8 24.Rf2 Rg4 25.Qh5 Qe8 26.Qxe8 Rxe8 27.Rxg4 fxg4 
28.Ng5 d4 29.Nxe6 dxe3 30.Re2 Bh4 31.Nxc5 Rxe5 32.Nxb7 Bf2+ 33.Kf1 Rb5 34.
Nd6 Rd5 35.Rxf2 Rc5 0-1